Violencia juvenil en las escuelas

Guardado en:
Bibliografiske detaljer
Format: Texto
Fag:
Tags: Tilføj Tag
Ingen Tags, Vær først til at tagge denne postø!

MARC

LEADER 00000 a a2200000 04500
001 6592
003
040
245 |a Violencia juvenil en las escuelas  
650 |a HOMICIDIO  
650 |a DELINCUENCIA JUVENIL  
650 |a LEGISLACION  
773 |g volumen 23, número 1008; páginas 8-10  
999 |c 24716  |d 24716